LEADER 03217nam 2200673Ia 450 001 9910451232503321 005 20200520144314.0 010 $a1-134-69164-5 010 $a1-280-05566-9 010 $a0-203-34474-X 035 $a(CKB)1000000000255144 035 $a(EBL)201270 035 $a(OCoLC)437062913 035 $a(SSID)ssj0000223919 035 $a(PQKBManifestationID)11187908 035 $a(PQKBTitleCode)TC0000223919 035 $a(PQKBWorkID)10206784 035 $a(PQKB)11629509 035 $a(MiAaPQ)EBC201270 035 $a(Au-PeEL)EBL201270 035 $a(CaPaEBR)ebr10164571 035 $a(CaONFJC)MIL5566 035 $a(EXLCZ)991000000000255144 100 $a19980717d1998 uy 0 101 0 $aeng 135 $aurcn||||||||| 181 $ctxt 182 $cc 183 $acr 200 14$aThe politics of Chinese language and culture$b[electronic resource] $ethe art of reading dragons /$fBob Hodge and Kam Louie 210 $aLondon ;$aNew York $cRoutledge$d1998 215 $a1 online resource (193 p.) 225 1 $aCulture and communication in Asia 300 $aDescription based upon print version of record. 311 $a0-415-17265-9 311 $a0-415-17266-7 320 $aIncludes bibliographical references (p. [173]-178) and index. 327 $aFront Cover; The Politics of Chinese Language and Culture; Copyright Page; Contents; List of figures; Series editor's foreword; Preface; 1. How to Read Dragons: the politics of understanding Chinese culture; 2.Reading style: interacting the Chinese way; 3. Writing and the ideological machine: Chinese characters and the construction of gender; 4. Grammar as ideology: critical linguistics and the politics of syntax; 5. Living with double-think: ambiguity in discourse and grammar; 6.The cult of the hero: masculinity and popular culture; 7.Breaking the square: film and representations of China 327 $aBibliographyIndex 330 $aAn innovative text which adopts the tools of cultural studies to provide a fresh approach to the study of Chinese language, culture and society. The book tackles areas such as grammar, language, gender, popular culture, film and the Chinese diaspora and employs the concepts of social semiotics to extend the ideas of language and reading. Covering a range of cultural texts, it will help to break down the boundaries around the ideas and identities of East and West and provide a more relevant analysis of the Chinese and China. 410 0$aCulture and communication in Asia. 606 $aChinese language$xPolitical aspects 606 $aChinese language$xSocial aspects 606 $aLanguage and culture$zChina 608 $aElectronic books. 615 0$aChinese language$xPolitical aspects. 615 0$aChinese language$xSocial aspects. 615 0$aLanguage and culture 676 $a306.0951 676 $a306.20951 700 $aHodge$b Bob$g(Robert Ian Vere)$0201357 701 $aLouie$b Kam$0641365 801 0$bMiAaPQ 801 1$bMiAaPQ 801 2$bMiAaPQ 906 $aBOOK 912 $a9910451232503321 996 $aThe politics of Chinese language and culture$91956728 997 $aUNINA LEADER 03003 am 2200517 n 450 001 9910416464203321 005 20200120 010 $a2-8107-0998-X 024 7 $a10.4000/books.pumi.28483 035 $a(CKB)5590000000001631 035 $a(FrMaCLE)OB-pumi-28483 035 $a(oapen)https://directory.doabooks.org/handle/20.500.12854/52092 035 $a(PPN)249719940 035 $a(EXLCZ)995590000000001631 100 $a20200901j|||||||| ||| 0 101 0 $afre 135 $auu||||||m|||| 181 $ctxt$2rdacontent 182 $cc$2rdamedia 183 $acr$2rdacarrier 200 12$aL?abbaye cistercienne de Grandselve $eEt sa place dans l?économie et la société méridoniales (xiie-xive siècles) /$fMireille Mousnier 210 $aToulouse $cPresses universitaires du Midi$d2020 215 $a1 online resource (498 p.) 311 $a2-912025-27-3 330 $aAux confins de la Gascogne, du Toulousain et du Quercy, dans une solitude boisée, se développe au début du xiies. l?ermitage de Grandselve que le voyage de saint Bernard entraîna dans l?aventure cistercienne. L?abbaye accumule terres et domaines et rapidement sa fortune foncière n?eut d?égale que sa richesse immobilière. Discrète dans sa présence au monde, si l?on met à part la personnalité majeure d?Arnaud Amaury dans la conduite de la croisade contre les Albigeois, ou la fondation de l?université de Toulouse, elle édifie un système complexe de granges aux activités complémentaires. Les paysages s?en trouvent fortement modifiés. Confortait-elle le mythe du moine défricheur, harmonisant ses activités entre la clôture et la charrue ? Il faut y regarder de beaucoup plus près. Nous la retrouvons singulièrement adaptée aux usages de son temps, dotée de rentes et de revenus les plus divers, construisant un intense réseau de relations économiques, de l?Atlantique à la Méditerranée, du Massif Central à l?Aragon, à la tête d?une puissante seigneurie banale. Elle s?insère même de manière dynamique dans le mouvement de création des bastides. Le mythe est ainsi réactualisé, par la prise en compte des profondes transformations de l?économie et de la société méridionales lors de ces siècles de croissance ponctués parfois de tensions inhérentes à toutes les périodes de bouleversements, tant politiques que sociaux. 517 $aL?abbaye cistercienne de Grandselve 606 $aHistory 606 $aabbaye 606 $aéconomie 606 $aGrandselve 606 $ahistoire 610 $aGrandselve 610 $ahistoire 610 $aabbaye 610 $aéconomie 615 4$aHistory 615 4$aabbaye 615 4$aéconomie 615 4$aGrandselve 615 4$ahistoire 700 $aMousnier$b Mireille$01232450 801 0$bFR-FrMaCLE 906 $aBOOK 912 $a9910416464203321 996 $aL?abbaye cistercienne de Grandselve$93032361 997 $aUNINA LEADER 05871nam 2200841Ia 450 001 9911020334603321 005 20200520144314.0 010 $a9786610272723 010 $a9781280272721 010 $a1280272724 010 $a9780470311806 010 $a0470311800 010 $a9780471463870 010 $a0471463876 010 $a9780471224327 010 $a0471224324 035 $a(CKB)111087027121354 035 $a(EBL)221342 035 $a(SSID)ssj0000080492 035 $a(PQKBManifestationID)11119616 035 $a(PQKBTitleCode)TC0000080492 035 $a(PQKBWorkID)10095676 035 $a(PQKB)10468066 035 $a(MiAaPQ)EBC221342 035 $a(CaSebORM)9780471351993 035 $a(OCoLC)58448364 035 $a(PPN)115587683 035 $a(OCoLC)842426562 035 $a(OCoLC)ocn842426562 035 $a(Perlego)2767508 035 $a(EXLCZ)99111087027121354 100 $a19991209d2000 uy 0 101 0 $aeng 135 $aur|n|---||||| 181 $ctxt 182 $cc 183 $acr 200 10$aRF and microwave wireless systems /$fKai Chang 205 $a1st edition 210 $aNew York $cWiley$d2000 215 $a1 online resource (361 p.) 225 1 $aWiley series in microwave and optical engineering 300 $a"A Wiley-Interscience publication." 311 08$a9780471351993 311 08$a0471351997 320 $aIncludes bibliographical references and index. 327 $aContents; Preface; Acronyms; 1 Introduction; 1.1 Brief History of RF and Microwave Wireless Systems; 1.2 Frequency Spectrums; 1.3 Wireless Applications; 1.4 A Simple System Example; 1.5 Organization of This Book; 2 Review of Waves and Transmission Lines; 2.1 Introduction; 2.2 Wave Propagation; 2.3 Transmission Line Equation; 2.4 Reflection, Transmission, and Impedance for a Terminated Transmission Line; 2.5 Voltage Standing-Wave Ratio; 2.6 Decibels, Insertion Loss, and Return Loss; 2.7 Smith Charts; 2.8 S-Parameters; 2.9 Coaxial Lines; 2.10 Microscript Lines; 2.11 Waveguides 327 $a2.12 Lumped Elements2.13 Impedance Matching Networks; Problems; References; 3 Antenna Systems; 3.1 Introduction; 3.2 Isotropic Radiator and Plane Waves; 3.3 Far-Field Region; 3.4 Antenna Analysis; 3.5 Antenna Characteristics and Parameters; 3.6 Monopole and Dipole Antennas; 3.7 Horn Antennas; 3.8 Parabolic Dish Antennas; 3.9 Microstrip Patch Antennas; 3.10 Antenna Arrays and Phased Arrays; 3.11 Antenna Measurements; Problems; References; 4 Various Components and Their System Parameters; 4.1 Introduction and History; 4.2 Couplers, Hybrids, and Power Dividers/Combiners 327 $a4.3 Resonators, Filters, and Multiplexers4.4 Isolators and Circulators; 4.5 Detectors and Mixers; 4.6 Switches, Phase Shifters, and Attenuators; 4.7 Oscillators and Amplifiers; 4.8 Frequency Multipliers and Dividers; Problems; References; 5 Receiver System Parameters; 5.1 Typical Receivers; 5.2 System Considerations; 5.3 Natural Sources of Receiver Noise; 5.4 Receiver Noise Figure and Equivalent Noise Temperature; 5.5 Compression Points, Minimum Detectable Signal, and Dynamic Range; 5.6 Third-Order Intercept Point and Intermodulation; 5.7 Spurious Responses; 5.8 Spurious-Free Dynamic Range 327 $aProblemsReferences; 6 Transmitter and Oscillator Systems; 6.1 Transmitter Parameters; 6.2 Transmitter Noise; 6.3 Frequency Stability and Spurious Signals; 6.4 Frequency Tuning, Output Power, and Efficiency; 6.5 Intermodulation; 6.6 Crystal Reference Oscillators; 6.7 Phase-Locked Oscillators; 6.8 Frequency Synthesizers; Problems; References; 7 Radar and Sensor Systems; 7.1 Introduction and Classifications; 7.2 Radar Equation; 7.3 Radar Equation Including Pulse Integration and System Losses; 7.4 Radar Cross Section; 7.5 Pulse Radar; 7.6 Continuous-Wave or Doppler Radar 327 $a7.7 Frequency-Modulated Continuous-Wave Radar7.8 Direction Finding and Tracking; 7.9 Moving-Target Indication and Pulse Doppler Radar; 7.10 Synthetic Aperture Radar; 7.11 Practical Radar Examples; Problems; References; 8 Wireless Communication Systems; 8.1 Introduction; 8.2 Friis Transmission Equation; 8.3 Space Loss; 8.4 Link Equation and Link Budget; 8.5 Effective Isotropic Radiated Power and G/T Parameters; 8.6 Radio/Microwave Links; 8.7 Satellite Communication Systems; 8.8 Mobile Communication Systems and Wireless Cellular Phones 327 $a8.9 Personal Communication Systems and Satellite Personal Communication Systems 330 $aA comprehensive introduction to the hardware, parameters, and architectures of RF/microwave wireless systemsAs the basis for some of the hottest technologies of the new millennium, radio frequency (RF) and microwave wireless systems rapidly propel us toward a future in which the transmission of voice, video, and data communications will be possible anywhere in the world through the use of simple, handheld devices.This book provides scientists and engineers with clear, thorough, up-to-date explanations of all aspects of RF and microwave wireless systems, including general hardwa 410 0$aWiley series in microwave and optical engineering. 517 3 $aRadio frequency and microwave wireless systems 606 $aWireless communication systems 606 $aMobile communication systems 606 $aMicrowave communication systems 606 $aRadio frequency 615 0$aWireless communication systems. 615 0$aMobile communication systems. 615 0$aMicrowave communication systems. 615 0$aRadio frequency. 676 $a621.38415 676 $a621.38456 700 $aChang$b Kai$f1948-$0472683 801 0$bMiAaPQ 801 1$bMiAaPQ 801 2$bMiAaPQ 906 $aBOOK 912 $a9911020334603321 996 $aRF and microwave wireless systems$94417661 997 $aUNINA